Statistiques concernant vampire diaries

Cliquez ici pour prendre le quiz!

Statistiques générales

  • Ce quiz a été pris 1 912 fois
  • Le résultat moyen est 6 sur 7

Statistiques - réponses

QuestionRéponse% Correct
combien y a t-il de siaon8
99%
qui est l'actrice qui interprète ElenaNina Dobrev
98%
qui es l'acteur qui interprète StephanPaul Weasley
98%
par qui stefan se fait emprisonée dans un tombeSillas
93%
par qui Elena a-t-elle été transformer en vampire?Demon
85%
de qui Elena est elleamoureuse au début de la Série ?Stephan
79%
dans quelle saison Katherine boit-elle le remède ?saison 4
41%

Distribution des résultats

Percentile par nombre de réponses

% des personnes avec chaque résultat

Votre développement - résultats

Vous n’avez pas pris ce quiz